LIBRARY & INFORMATION CENTRE, KCAET, TAVANUR

ONLINE PUBLIC ACCESS CATALOGUE (OPAC)

Recent Trends in Psycholohy / (Record no. 3176)

MARC details
000 -LEADER
fixed length control field 00288cam a2200121ua 4500
082 ## - DEWEY DECIMAL CLASSIFICATION NUMBER
Classification number 150.1
Item number MEN/RE
100 ## - MAIN ENTRY--AUTHOR NAME
Personal name Menon, T K N .
245 ## - TITLE STATEMENT
Title Recent Trends in Psycholohy /
250 ## - EDITION STATEMENT
Edition statement 1 /
260 ## - PUBLICATION, DISTRIBUTION, ETC. (IMPRINT)
Place of publication London :
Name of publisher Orient-Longman Ltd ,
Year of publication 1961.
300 ## - PHYSICAL DESCRIPTION
Number of Pages 270 ; .
942 ## - ADDED ENTRY ELEMENTS (KOHA)
Koha item type Books
Holdings
Withdrawn status Lost status Damaged status Home library Current library Date acquired Full call number Accession Number Koha item type
Withdrawn     KAUAET Sanskrit University 07/04/2012 150.1 4052 Books
free website counter